Sports Quiz

Random Sports or NBA Quiz

NBA - Texas Teams Venn Diagram Quiz Stats

 Plays Quiz not verified by Sporcle

Score 0/8 Timer 03:00
6 Plays Today
% Correct
Yao Ming
Rockets: 2002-11
95.9%
David Robinson
Spurs: 1989-2003
91.3%
Steve Nash
Mavericks: 1998-2004
89.2%
Michael Finley
Mavericks: 1996-2005
Spurs: 2005-10
69%
Jason Terry
Mavericks: 2004-12
Rockets: 2014-16
67.5%
Moses Malone
Rockets: 1976-82
Spurs: 1994
58%
Joe Smith
51.3%
Avery Johnson
Spurs: 1991-2001 (multiple stints)
Rockets: 1992
Mavericks: 2002-03
49.9%

You're not logged in!

Compare scores with friends on all Sporcle quizzes.
OR
Log In

Show Comments

Extras

Top Quizzes Today


Score Distribution

Your Account Isn't Verified!

In order to create a playlist on Sporcle, you need to verify the email address you used during registration. Go to your Sporcle Settings to finish the process.

Report this User

Report this user for behavior that violates our Community Guidelines.

Details: